000 00721cam a22002172a 4500
001 024129
003 AR-FADEU
008 311216n1982####xxu####################dd
020 _a84-297-1861-3
092 _a306.42
_bA144c
_eBDT
100 _aAbercrombie, Nicholas
245 _aClase, estructura y conocimiento
260 _aBarcelona
260 _bPenĂ­nsula
260 _c1982
300 _a269 p
440 _aHomo sociologicus
_n27
700 _aMarco Aurelio, Galmarini
650 _aSOCIOLOGIA DEL CONOCIMIENTO-MARXISMO; SOCIOLOGIA DEL CONOCIMIENTO; MANNHEIM; SOCIOLOGIA DEL CONOCIMIENTO-IDEOLOGIA; SOCIOLOGIA DEL CONOCIMIENTO-SCHUTZ; SOCIOLOGIA DEL CONOCIMIENTO-BERGER Y LUCKMANN/BDT/
942 _cBDT
999 _c29818
_d29818